00000000nam 2200000zi 4500
0019.919074
003CaOODSP
00520230508111907
006m     o  d f      
007cr cn ||||||||
008230112t20092008onco    o    f000 0 fre d
040 |aCaOODSP|bfre|erda|cCaOODSP
0410 |afre|aeng|aspa
043 |an-cn---
0861 |aA22-678/2008-PDF
24500|aUltraviolet & reverse osmosis for micro-systems = |bUltraviolet et osmose inverse pour les micro-systèmes = Luz ultravioleta y osmosis inversa para microsistemas.
24611|aUltraviolet et osmose inverse pour les micro-systèmes
24611|aLuz ultravioleta y osmosis inversa para microsistemas
24617|aReverse osmosis and ultraviolet treatment for drinking water supplies
24617|aOsmose inverse et traitement ultraviolet pour les systèmes d'approvisionnement en eau potable
24617|aMuestreo del agua
250 |aVersion 1.3
264 1|a[Ottawa] : |bLe Conseil interministériel de formation sur la qualité de l'eau (CIFQE) = Interdepartmental Water Quality Training Board (IWQTB), |c[2009]
264 4|c©2008
300 |a1 ressource en ligne (1 volume (pagination multiple)) : |bphotographies
336 |atexte|btxt|2rdacontent/fre
337 |ainformatique|bc|2rdamedia/fre
338 |aressource en ligne|bcr|2rdacarrier/fre
500 |aTitre de la couverture.
500 |a« 3 in a series = 3ième dans la collection. »
520 |a« Les ensembles de traitement d'eau par osmose inverse au point d'utilisation (OIPU) de petite taille sont souvent installés à un robinet particulier et ils sont destinés à traiter les systèmes privés d'alimentation en eau potable. Les appareils de types OIPU sont très efficaces pour l'élimination de nombreux contaminants chimiques présents dans l'éau potable » -- Introduction, page 1-2.
546 |aTexte en français, anglais et espagnol.
650 6|aEau|xÉpuration|xOsmose inverse|zCanada.
7102 |aConseil interministériel de formation sur la qualité de l'eau (Canada), |eorganisme de publication.
791 |tUltraviolet & reverse osmosis for micro-systems = |eeng|w(CaOODSP)9.919070
85640|qPDF|s1.51 Mo|uhttps://publications.gc.ca/collections/collection_2023/aac-aafc/A22-678-2008.pdf